000
00253nam a22001097a 4500
003
SGT
082
_a
340,BAR
100
_a
BARE,ACT
245
_a
DRUGS AND MAGIC REMEDIES ACT 1954 (21 OF 1954)
260
_a
NEW DELHI
_b
EASTERN BOOK
_c
2015
942
_2
ddc
_c
BK
999
_c
11611
_d
11611